| 000 | 01177nam a2200169 4500 | ||
|---|---|---|---|
| 001 | 14074 | ||
| 005 | 20260417121626.0 | ||
| 010 | _a9782807104488 | ||
| 090 | _a14074 | ||
| 099 | _o0 | ||
| 100 | _a20260417d u||y0frey50 ba | ||
| 200 |
_aA l'ombre des marées _bLIVR |
||
| 214 | _cLansman éditeur | ||
| 323 | _a5 personnages | ||
| 330 | _aQuelque part au Nord, après la Grande Vague. Dans une ville portuaire qui, voici peu encore, prospérait grâce au commerce de la pêche et aux constructions navales, des enfants délaissés, oubliés, cabossés tentent de survivre, de rester debout à scruter la mer et l'horizon. Perchés sur un vieil abribus, ils gardent l'espoir qu'un bateau viendra les chercher avant que l'eau montante les emporte dans ses flots. Face aux menaces qui les oppressent - la pluie incessante, une lampe qui grésille, une ombre qui rode, une étrange animation la nuit dans un hangar cadenassé -, ils tentent le jeu d'une solidarité bien difficile à respecter dans un contexte où une violence aveugle rend tout plus difficile. Histoire vraie ou prémonitoire ? Qui sait ? | ||
| 610 |
_aécologie _adystopie _aenvironnement _aenfance |
||
| 700 |
_aGinevro _bDaniela |
||